000 00297nmm a2200097Ia 4500
008 220120s9999||||xx |||||||||||||||||und||
020 _a0-07-044540-0
100 _aDigit
245 0 _aDigit-Nov : Ted talks, java video tutorials 10hd game traile
260 _aNine dot nine interactive ltd.
_bNew Delhi
999 _c139707
_d139707